Vista normal
Vista MARC
Entrada Materia (geográfica)
Número de registros utilizados en: 1
001 - CONTROL NUMBER
- control field: 68215
003 - CONTROL NUMBER IDENTIFIER
- control field: Co-BoUCM
005 - DATE AND TIME OF LATEST TRANSACTION
- control field: 20150407071535.0
008 - FIXED-LENGTH DATA ELEMENTS
- fixed length control field: 150407|| aca||aabn | a|a d
040 ## - CATALOGING SOURCE
- Original cataloging agency: Co-BoUCM
- Transcribing agency: Co-BoUCM
151 ## - HEADING--GEOGRAPHIC NAME
- Geographic name: Africa
- General subdivision: Derechos humanos
670 ## - SOURCE DATA FOUND
- Source citation: Work cat.: (Co-BoUCM)298796: Olaniyan, Kolawole 68214, Corruption and human rights law in Africa, 2014